000
00416nam a2200169Ia 4500
008
090711s9999 xx 000 0 und d
082
_b
52151
100
_a
हरकारे अरुण
245
_a
कसब
260
_c
1986
300
_a
188
600
_a
हरकारे अरुण
630
_a
कसब
700
_a
हरकारे अरुण
730
_a
कसब
942
_c
BOOK
999
_c
301801
_d
301801